| 000 | 00361nam a22001571a 4500 | ||
|---|---|---|---|
| 020 | _a9788124008720 | ||
| 082 |
_aM3 _bKOV/J |
||
| 100 | _aKovilan | ||
| 245 |
_aJanmandarangal/ _cby Kovilan |
||
| 260 |
_aKozhikode: _bMulberry, _c2000. |
||
| 300 | _a105p. | ||
| 650 | _aNovel Malayalam | ||
| 650 | _aLiterature Malayalam | ||
| 650 | _aLiterature | ||
| 942 | _cBK | ||
| 999 |
_c21499 _d21499 |
||